Účtovné zobrazenie platieb vo virtuálnej mene bakalárska práca

Guardado en:
Detalles Bibliográficos
Autor principal: Balážová, Jenifer
Autor Corporativo: Fakulta hospodárskej informatiky EU. Katedra účtovníctva a audítorstva
Otros Autores: Parajka, Branislav, 1981-
Formato: Libro
Lenguaje:eslovaco
Publicado: Bratislava 2022
Etiquetas: Agregar Etiqueta
Sin Etiquetas, Sea el primero en etiquetar este registro!

MARC

LEADER 00000nbm a2200000 4500
001 0286130
005 20230123144722.4
041 0 |a slo 
044 |a SK 
245 1 0 |a Účtovné zobrazenie platieb vo virtuálnej mene  |b bakalárska práca  |c Jenifer Balážová ; školiteľ: Branislav Parajka 
264 1 |a Bratislava  |c 2022 
300 |a 48 s. 
100 1 |a Balážová, Jenifer 
700 1 |a Parajka, Branislav, 1981- 
710 2 |a Fakulta hospodárskej informatiky EU. Katedra účtovníctva a audítorstva